|
|
|
|
| LEADER |
00000nam2a2200000 4500 |
| 001 |
326312 |
| 005 |
20231102003841.0 |
| 010 |
|
|
|a 9785383013779
|
| 035 |
|
|
|a (RuTPU)RU\TPU\book\351947
|
| 090 |
|
|
|a 326312
|
| 100 |
|
|
|a 20161222d2019 m y0rusy50 ca
|
| 101 |
0 |
|
|a rus
|
| 102 |
|
|
|a RU
|
| 105 |
|
|
|a a j 001zy
|
| 200 |
0 |
|
|a Т. 1 : Современная теплоэнергетика
|f под ред. А. Д. Трухния
|
| 210 |
|
|
|d 2019
|
| 215 |
|
|
|a 512 с.
|c ил.
|e 2 л. схем
|
| 320 |
|
|
|a Библиография в конце глав
|
| 320 |
|
|
|a Словарь основных терминов: с. 485-511
|
| 320 |
|
|
|a Основные сокращения: с. 19
|
| 330 |
|
|
|a Изложены основные закономерности явлений и процессов, на которых базируется современная теплоэнергетика; объясняются основы технологических процессов преобразования энергии первичных теплоносителей в электроэнергию и товарное тепло на тепловых, атомных, геотермальных и водородных электростанциях; рассматриваются проблемы, связанные с созданием нового энергетического оборудования; описываются конструкции паровых и газовых турбин, энергетических котлов и котлов-утилизаторов, ядерных реакторов, подогревателей сетевой воды, конденсаторов и другого оборудования. Учебник предназначен для студентов энергетических вузов, осваивающих производственный менеджмент в энергетике по направлениям подготовки "Электроэнергетика", "Теплоэнергетика", а также "Энергомашиностроение". Книга будет полезна для слушателей системы дополнительного профессионального образования, энергетиков-производственников, желающих повысить квалификацию, менеджеров энергетических компаний. Предыдущее издание учебника, существенно переработанное и дополненное новыми главами, вышло в свет в 2016 г. в Издательском доме МЭИ.
|
| 461 |
|
1 |
|0 (RuTPU)RU\TPU\book\374391
|y 978-5-383-01376-2
|t Основы современной энергетики
|o учебник для вузов
|o в 2 т.
|f под ред. Е. В. Аметистова
|v Т. 1 : Современная теплоэнергетика
|e 7-е изд., испр.
|d 2019
|
| 606 |
1 |
|
|a Энергетика
|2 stltpush
|3 (RuTPU)RU\TPU\subj\21200
|9 46224
|
| 606 |
1 |
|
|a Теплоэнергетика
|2 stltpush
|3 (RuTPU)RU\TPU\subj\59823
|9 77320
|
| 610 |
1 |
|
|a ТЭС
|
| 610 |
1 |
|
|a тепловые электрические станции
|
| 610 |
1 |
|
|a органическое топливо
|
| 610 |
1 |
|
|a устройство
|
| 610 |
1 |
|
|a функционирование
|
| 610 |
1 |
|
|a ТЭЦ
|
| 610 |
1 |
|
|a теплоэлектроцентраль
|
| 610 |
1 |
|
|a мощные теплоэлектроцентрали
|
| 610 |
1 |
|
|a энергетическое топливо
|
| 610 |
1 |
|
|a сжигание
|
| 610 |
1 |
|
|a котельные установки
|
| 610 |
1 |
|
|a АЭС
|
| 610 |
1 |
|
|a атомные электрические станции
|
| 610 |
1 |
|
|a паровые турбины
|
| 610 |
1 |
|
|a стационарные газотурбинные двигатели
|
| 610 |
1 |
|
|a парогазовые электростанции
|
| 610 |
1 |
|
|a парогазовые энергоблоки
|
| 610 |
1 |
|
|a паротурбинные установки
|
| 610 |
1 |
|
|a Россия
|
| 610 |
1 |
|
|a тепловая энергетика
|
| 610 |
1 |
|
|a технический уровень
|
| 610 |
1 |
|
|a перспективы
|
| 610 |
1 |
|
|a обновление
|
| 610 |
1 |
|
|a техническая стратегия
|
| 610 |
1 |
|
|a зарубежные ТЭС
|
| 610 |
1 |
|
|a сравнительный анализ
|
| 610 |
1 |
|
|a ресурс
|
| 610 |
1 |
|
|a продление
|
| 610 |
1 |
|
|a водородные технологии
|
| 610 |
1 |
|
|a учебники
|
| 675 |
|
|
|a 620.9(075.8)
|v 4
|
| 675 |
|
|
|a 621.1(075.8)
|v 4
|
| 702 |
|
1 |
|a Трухний
|b А. Д.
|g Алексей Данилович
|4 340
|
| 801 |
|
1 |
|a RU
|b 63413507
|c 20161222
|
| 801 |
|
2 |
|a RU
|b 63413507
|c 20191118
|g RCR
|
| 942 |
|
|
|c BK
|
| 959 |
|
|
|a 3/20170120
|d 1
|e 1980,00
|f ЧЗТЛ:1
|